000 00918nam a22002057a 4500
999 _c59220
_d59220
003 Ge_BSU
005 20221215114227.0
008 221215s1974ge xxu||||| |||| 00| 0 geo d
041 _ageo
080 _a821.161.1-31 კ-15
100 _aკაზანცევი, ალ., ავტ.
_916425
245 _aალმოდებული კუნძული :
_b [რომანი] /
_cალ. კაზანცევი ; რუს. თარგმნა ნ. ჯოლოხავამ.
264 _aთბილისი :
_bნაკადული,
_c1974.
300 _a499 გვ. ;
_b21 სმ.
440 _aსათავგადასავლო ბიბლიოთეკა ; 28
_916426
653 _aალმოდებული კუნძული
653 _aრომანი
700 _a ჯოლოხავა, ნ
_eმთარგმნელი
_916427
942 _2udc
_cBK